00353nam a2200121Ia 4500008005300000041000800053082001200061100001800073245007700091260003700168300001900205440000700224240112s1966-(JULY DEC.) xx 000 0 und d aeng a543.705 aAPPLETON H.D. aCLINICAL CHEMISTRY :JOURNAL OF THE AMERICAN ASS.OF THE CLINICAL CHEMISTS bPAUL B.HARPER c1966-(JULY DEC.) a902,HBc(7-12) v13